Marketingový plán touroperátora diplomová práca

Uložené v:
Podrobná bibliografia
Hlavný autor: Svítková, Lenka
Korporativný autor: Obchodná fakulta EU. Katedra marketingu
Ďalší autori: Filo, Peter
Médium: Kniha
Jazyk:Slovak
Vydavateľské údaje: Bratislava 2010
Tagy: Pridať tag
Žiadne tagy, Buďte prvý, kto otaguje tento záznam!

MARC

LEADER 00000nam$a2200000$$$4500
001 0121962
005 20240318122649.5
041 0 |a slo 
044 |a SK 
245 1 0 |a Marketingový plán touroperátora  |b diplomová práca  |c Lenka Svítková ; škol. Peter Filo 
264 1 |a Bratislava  |c 2010 
300 |a 82 s. 
100 1 |a Svítková, Lenka 
700 1 |a Filo, Peter 
710 2 |a Obchodná fakulta EU. Katedra marketingu